LIBRARY & INFORMATION CENTRE, KCAET, TAVANUR

ONLINE PUBLIC ACCESS CATALOGUE (OPAC)

Aadaminte Santhathikal / (Record no. 932)

MARC details
000 -LEADER
fixed length control field 00400cam a2200169ua 4500
041 ## - LANGUAGE CODE
Language code of text/sound track or separate title mal
082 ## - DEWEY DECIMAL CLASSIFICATION NUMBER
Classification number 894.8122
Item number VAS/AA
100 ## - MAIN ENTRY--AUTHOR NAME
Personal name Vasudev, Arur .
245 ## - TITLE STATEMENT
Title Aadaminte Santhathikal /
260 ## - PUBLICATION, DISTRIBUTION, ETC. (IMPRINT)
Place of publication :
Name of publisher Prabath book house ,
Year of publication 1959.
300 ## - PHYSICAL DESCRIPTION
Number of Pages 144 ; .
942 ## - ADDED ENTRY ELEMENTS (KOHA)
Koha item type Books
Holdings
Withdrawn status Lost status Damaged status Home library Current library Date acquired Full call number Accession Number Koha item type Public note
Withdrawn     KAUAET KAUAET 07/04/2012 894.8122 1801 Books Deleted
Withdrawn     KAUAET KAUAET 02/02/2021 894.8122 VAS/AA 7928 Books  
free website counter